000 00601cam a22002052 4500
001 0000001597
005 20151021151053.0
008 070316s xx 000 0 eng d
020 _a9966983430 :
040 _aKABU
_cKABU
050 0 _aHC800
_b.R43
245 1 0 _aReclaiming Africa /
_cedited by James Shikwati.
260 _aNairobi :
_bIREN (Kenya),
_c2004.
300 _axxvii, 368 p.
651 0 _aAfrica
_xEconomic conditions.
_@0000150453
700 1 _aShikwati, James.
_@0000150473
852 1 _9p1235 KES
908 _a070316
950 _@1
999 _c344
_d344